000 00264nam a2200109Ia 4500
008 190216s9999||||xx |||||||||||||| ||und||
100 _aKadammanitta Ramakrishanan
245 0 _aKadammanitayude Kavithakal
260 _bDc Books
650 _aKavithkal
942 _cBK
999 _c26025
_d26025